| 000 | 00487cam a2200181ua 4500 | ||
|---|---|---|---|
| 020 |
_a81-7024-612-1 _c500.00 |
||
| 041 |
_aeng _h |
||
| 082 |
_a020 _bBAN/DE |
||
| 100 | _aBankapur, M B . | ||
| 245 |
_aDevelopment, diffusion and utilisation of information / _cM B Bankapur. _hTextual Documents |
||
| 250 |
_a1 / _b. |
||
| 260 |
_aNew Delhi : _bAshish Publishing House , _c1994. |
||
| 300 | _a306 ; . | ||
| 365 | _a500.00 | ||
| 504 | _a | ||
| 942 | _cBK | ||
| 999 |
_c5742 _d5742 |
||